snel rekenen: keersommen - Statistieken

Algemene statistieken
  • Deze quiz is 88 keer genomen
  • De gemiddelde score is 12 van 15
Antwoordstatistieken
Hint Antwoord % Correct
3x8 24
100%
7x11 77
100%
0x17 0
97%
13x8 104
94%
21x3 63
94%
17x12 204
88%
10x10 100
83%
18x10 180
81%
20x9 180
79%
10x20 200
79%
13x13 169
78%
21x7 147
76%
17x18 306
72%
15x19 285
64%
16x23 368
60%
Geen overeenkomende quizzen gevonden
Scoreverdeling
Procent van Mensen met Elke Score
Percentiel versus Aantal Correcte Antwoorden
Uw Scoregeschiedenis
U heeft deze quiz nog niet genomen